|
|
|
|
| LEADER |
00000nab a2200000 ar4500 |
| 001 |
vtls009506178 |
| 003 |
SK-MaSNL |
| 005 |
20260303060933.0 |
| 008 |
090507c2009 xo sr|n|||||||000 b|slo |
| 015 |
|
|
|a SNBRB2009/05
|2 snkbucl
|
| 040 |
|
|
|a SNKBUCL
|b slo
|c SNKBUCL
|e AACR2
|
| 041 |
0 |
|
|a slo
|a cze
|
| 044 |
|
|
|a xo
|c SK
|
| 080 |
|
|
|a 316-051
|2 2001
|
| 080 |
|
|
|a 929 Šiklová, Jiřina
|2 2001
|
| 100 |
1 |
|
|a Frišová, Marta,
|d 1962-
|4 ivr
|4 aut
|9 858012
|
| 245 |
1 |
0 |
|a Jsem sice stará, ale ne pitomá
|b so sociologičkou Jiťinou Šiklovou o učňovských rokoch Európy, ...
|c [zhovárali sa] Marta Frišová, Andrea Puková
|
| 300 |
|
|
|b Fotogr.
|
| 600 |
1 |
7 |
|a Šiklová, Jiřina ,
|d 1935-
|2 snkbucl
|9 10749
|
| 650 |
0 |
7 |
|a sociológia
|2 snkbucl
|9 1010
|
| 655 |
|
7 |
|a rozhovory
|2 snkbucl
|9 31831
|
| 700 |
1 |
|
|a Puková, Andrea
|4 ivr
|4 aut
|9 660855
|
| 700 |
1 |
|
|a Šiklová, Jiřina,
|d 1935-
|4 ive
|4 aut
|9 10749
|
| 773 |
0 |
|
|t Mosty = Česko-slovenský fenomén
|g špec. vyd. (2009), s. 2-3
|
| 852 |
|
|
|a SNK
|b KIS3GCP
|
| 958 |
|
|
|a CZ
|
| 958 |
|
|
|a BC
|
| 999 |
|
|
|c 1733521
|d 1735451
|